| 000 | 00946nam a22002657i 4500 | ||
|---|---|---|---|
| 003 | EG-ScBUE | ||
| 005 | 20221120032010.0 | ||
| 008 | 220731s1967 ua f 000 f ara d | ||
| 017 | _a1997 / 4702 | ||
| 020 | _a9770151653 | ||
| 040 |
_aEG-ScBUE _bara _erda _cEG-ScBUE _dEG-ScBUE |
||
| 082 | 0 | 4 |
_222 _a892.736 _bب ا ق |
| 100 | 1 |
_aعبد الباقي، سمير، _d1939- _eمؤلف. |
|
| 245 | 1 | 0 |
_aهكذا تكلمت الأحجار : _bرواية / _cسمير عبد الباقي. |
| 264 | 1 |
_aالقاهرة : _bالهيئة المصرية العامة للكتاب، _c1967. |
|
| 300 |
_a119 صفحة ؛ _c24 سم. |
||
| 336 |
_2rdacontent _aنص _btxt |
||
| 337 |
_2rdamedia _aبدون وسيط _bn |
||
| 338 |
_2rdacarrier _aمجلد _bnc |
||
| 490 | 0 |
_aمختارات فصول ؛ _v117 |
|
| 650 | 7 |
_aالقصص العربية _yقرن 20. _2BUEsh |
|
| 653 |
_bARALIT _cNovember2022 |
||
| 655 | _vReading book | ||
| 942 | _2ddc | ||
| 999 |
_c29982 _d29953 |
||